| 000 | 00881nam a2200217 a 4500 | ||
|---|---|---|---|
| 001 | 000043224 | ||
| 005 | 20201002040734.0 | ||
| 008 | 140226s2012 dr ac 000 0 spa d | ||
| 020 | _a9789945416411 | ||
| 040 |
_aDO-SdBNP _bspa _cBNPHU |
||
| 082 |
_axxxx _bxxxx |
||
| 100 | 1 |
_aSánchez, Ceinett _970814 |
|
| 245 | 1 | 0 |
_aComunicación, emergencias y desastres : _bperiodismo ciudadano digital / _cCeinett Sánchez ; prólogo Manuel A. Quiroz Osiris de León ; presentación José Andrés Aybar sánchez. |
| 260 |
_aSanto Domingo : _bEdiciones Unicaribe, _c2012. |
||
| 300 |
_a219 P : _bil., retrs. ; _c23 cm. |
||
| 500 | _aIncluye datos biográficos de la autora en la solapa de la cubierta | ||
| 504 | _aBibliografía : p. 216-218 | ||
| 700 | 1 | 2 |
_aQuiroz, Manuel A. _epról. _970815 |
| 700 | 1 | 2 |
_aLeón, Osiris de _epról. _970816 |
| 710 | 2 | 2 |
_aUniversidad del Caribe (UNICARIBE) _959912 |
| 999 |
_c42713 _d42713 |
||